Probability, statistics, and random processes for electrical engineering / (Record no. 417)

MARC details
000 -LEADER
fixed length control field 01199cam a2200337 a 4500
001 - CONTROL NUMBER
control field 15076303
003 - CONTROL NUMBER IDENTIFIER
control field OSt
005 - DATE AND TIME OF LATEST TRANSACTION
control field 20250420134810.0
008 - FIXED-LENGTH DATA ELEMENTS--GENERAL INFORMATION
fixed length control field 071108s2008 njua b 001 0 eng
010 ## - LIBRARY OF CONGRESS CONTROL NUMBER
LC control number 2007046492
020 ## - INTERNATIONAL STANDARD BOOK NUMBER
International Standard Book Number 9780131471221 (alk. paper)
020 ## - INTERNATIONAL STANDARD BOOK NUMBER
International Standard Book Number 0131471228 (alk. paper)
035 ## - SYSTEM CONTROL NUMBER
System control number (OCoLC)ocn181079252
035 ## - SYSTEM CONTROL NUMBER
System control number (OCoLC)181079252
Canceled/invalid control number (OCoLC)150332150
040 ## - CATALOGING SOURCE
Original cataloging agency DLC
Transcribing agency KCST
050 00 - LIBRARY OF CONGRESS CALL NUMBER
Classification number TK153
Item number .L425 2008
082 00 - DEWEY DECIMAL CLASSIFICATION NUMBER
Classification number 519.2024
Edition information 22
100 1# - MAIN ENTRY--PERSONAL NAME
Personal name Leon-Garcia, Alberto.
9 (RLIN) 1426
245 10 - TITLE STATEMENT
Title Probability, statistics, and random processes for electrical engineering /
Statement of responsibility, etc. Alberto Leon-Garcia.
250 ## - EDITION STATEMENT
Edition statement 3rd ed.
260 ## - PUBLICATION, DISTRIBUTION, ETC.
Place of publication, distribution, etc. Upper Saddle River, NJ :
Name of publisher, distributor, etc. Pearson/Prentice Hall,
Date of publication, distribution, etc. 2008.
300 ## - PHYSICAL DESCRIPTION
Extent xiv, 818 p. :
Other physical details ill. ;
Dimensions 25 cm.
504 ## - BIBLIOGRAPHY, ETC. NOTE
Bibliography, etc. note Includes bibliographical references and index.
650 #0 - SUBJECT ADDED ENTRY--TOPICAL TERM
Topical term or geographic name entry element Electrical engineering
General subdivision Mathematics.
9 (RLIN) 1427
650 #0 - SUBJECT ADDED ENTRY--TOPICAL TERM
Topical term or geographic name entry element Probabilities.
9 (RLIN) 1388
650 #0 - SUBJECT ADDED ENTRY--TOPICAL TERM
Topical term or geographic name entry element Stochastic processes.
9 (RLIN) 1428
700 1# - ADDED ENTRY--PERSONAL NAME
Personal name Leon-Garcia, Alberto.
Title of a work Probability and random processes for electrical engineering.
9 (RLIN) 1429
856 41 - ELECTRONIC LOCATION AND ACCESS
Materials specified Table of contents only
Uniform Resource Identifier <a href="http://www.loc.gov/catdir/toc/ecip084/2007046492.html">http://www.loc.gov/catdir/toc/ecip084/2007046492.html</a>
942 ## - ADDED ENTRY ELEMENTS (KOHA)
Koha item type Book
942 ## - ADDED ENTRY ELEMENTS (KOHA)
Source of classification or shelving scheme Dewey Decimal Classification
Holdings
Withdrawn status Lost status Source of classification or shelving scheme Damaged status Not for loan Home library Current library Date acquired Cost, normal purchase price Total checkouts Full call number Barcode Date last seen Price effective from Koha item type
    Dewey Decimal Classification     KCST Library KCST Library 09/06/2020 65.82   519.2024 Le Pr 1000000356 09/06/2020 09/06/2020 Book
© 2025 KCST. All rights reserved